000 00546nam a2200205Ia 4500
003 OSt
005 20240327101746.0
008 210210b1978 xxu||||| |||| 00| 0 eng d
040 _cAL
041 _aKannada
082 _a914.304K ANUS
100 _aANUPAMA NIRANJANA.
_9130819
_dಅನುಪಮಾ ನಿರಂಜನ
245 _aSneha yatre.
_bಸ್ನೇಹ ಯಾತ್ರೆ
260 _aMaisuru
_bD V K Murti
_c1978
300 _a149
650 _aGermany
_9130820
690 _aTravel
_9130821
906 _a033748
942 _2ddc
_cBK
999 _c84427
_d84427